[Event "VIE-ch U17"]
[Site "Ho Chi Minh City"]
[Date "2022.07.13"]
[Round "4"]
[White "Vo, Pham Thien Phuc"]
[Black "Nguyen, Le Ngoc Quy"]
[Result "1-0"]
[WhiteElo "2277"]
[BlackElo "2263"]
[PlyCount "37"]
[EventDate "2022.07.11"]
[EventType "swiss"]
[EventRounds "9"]
[EventCountry "VIE"]
[SourceTitle "EXT 2023"]
[Source "ChessBase"]
[SourceDate "2022.10.05"]
[SourceVersion "1"]
[SourceVersionDate "2022.10.05"]
[SourceQuality "1"]

1. d4 d5 2. c4 e6 3. Nf3 Nf6 4. g3 c6 5. Bg2 Be7 6. 0-0 0-0 7. Qc2 b6 8. Nbd2 Bb7 9. e4 dxe4 10. Nxe4 Nbd7 11. Rd1 Nxe4 12. Qxe4 Nf6 13. Qe2 Qc8 14. Bf4 Re8 15. Bh3 Bf8 16. Rac1 Nd7 17. Qd3 Qd8 18. Bg2 c5 19. Ng5 1-0

[Event "VIE-chT"]
[Site "Ho Chi Minh City"]
[Date "2017.07.28"]
[Round "8.37"]
[White "Nguyen, Le Ngoc Quy"]
[Black "Mai, Le Khoi Nguyen"]
[Result "0-1"]
[WhiteElo "1538"]
[BlackElo "2007"]
[PlyCount "83"]
[EventDate "2017.07.24"]
[EventType "team-swiss"]
[EventRounds "9"]
[EventCountry "VIE"]
[SourceTitle "EXT 2019"]
[Source "ChessBase"]
[SourceDate "2018.10.10"]
[SourceVersion "1"]
[SourceVersionDate "2018.10.10"]
[SourceQuality "1"]

1. d4 Nf6 2. Nf3 b6 3. e3 Bb7 4. Be2 e6 5. 0-0 Be7 6. b3 0-0 7. Bb2 d5 8. Nbd2 Nbd7 9. c4 c5 10. cxd5 Nxd5 11. Nc4 Rc8 12. dxc5 Nxc5 13. Nd4 Bf6 14. a3 a5 15. Rc1 Ba6 16. Re1 b5 17. Nd2 Qb6 18. Bf1 Rfd8 19. Rc2 Rc7 20. Qb1 Rdc8 21. Rec1 h6 22. h3 Ne7 23. N2f3 e5 24. Ne2 Nxb3 25. Rxc7 Rxc7 26. Rxc7 Qxc7 27. Bxe5 Bxe5 28. Qxb3 a4 29. Qb1 Bd6 30. Ned4 Bxa3 31. Bxb5 Bxb5 32. Nxb5 Qc1+ 33. Qxc1 Bxc1 34. Nc3 a3 35. Kf1 Nd5 36. Na2 Bb2 37. Nd4 Nc3 38. Nxc3 Bxc3 39. Nc2 a2 40. Ke2 a1Q 41. Nxa1 Bxa1 42. Kd3 0-1

[Event "VIE-chT"]
[Site "Ho Chi Minh City"]
[Date "2017.07.27"]
[Round "6.41"]
[White "Nguyen, Le Ngoc Quy"]
[Black "Tran, Ngoc Minh Duy"]
[Result "1-0"]
[WhiteElo "1538"]
[BlackElo "1217"]
[PlyCount "107"]
[EventDate "2017.07.24"]
[EventType "team-swiss"]
[EventRounds "9"]
[EventCountry "VIE"]
[SourceTitle "EXT 2019"]
[Source "ChessBase"]
[SourceDate "2018.10.10"]
[SourceVersion "1"]
[SourceVersionDate "2018.10.10"]
[SourceQuality "1"]

1. d4 f5 2. Nf3 Nf6 3. e3 g6 4. Bd3 Bg7 5. Nbd2 0-0 6. b3 d6 7. Bb2 Nbd7 8. 0-0 Qe8 9. Bc4+ Kh8 10. Ng5 d5 11. Bd3 e5 12. dxe5 Nxe5 13. Ngf3 Nxd3 14. cxd3 b6 15. Be5 Qe7 16. Rc1 c5 17. d4 Bb7 18. Ne1 Ba6 19. Ndf3 Bxf1 20. Kxf1 Rac8 21. Nd3 cxd4 22. exd4 Rxc1 23. Qxc1 Nh5 24. Qc6 Bxe5 25. Ndxe5 Nf6 26. Ng5 Re8 27. f4 Kg7 28. h3 h6 29. Ngf3 Qe6 30. Qc7+ Re7 31. Qc2 Ne4 32. Kg1 Qf6 33. Qc8 Nd6 34. Qd8 Nb7 35. Qxd5 Qd6 36. Qb5 Nd8 37. d5 Nf7 38. Nxf7 Rxf7 39. Ne5 Rc7 40. Nc4 Qxf4 41. d6 Rxc4 42. Qd7+ Kf8 43. Qe7+ Kg8 44. bxc4 Qc1+ 45. Kf2 Qf4+ 46. Ke2 Qxc4+ 47. Kf3 Qd3+ 48. Kf2 Qd2+ 49. Kg3 f4+ 50. Kf3 Qc3+ 51. Kxf4 g5+ 52. Kf5 Qc2+ 53. Kf6 Qb2+ 54. Kg6 1-0

[Event "VIE-chT"]
[Site "Ho Chi Minh City"]
[Date "2017.07.24"]
[Round "1.3"]
[White "Nguyen, Le Ngoc Quy"]
[Black "Nguyen, Huynh Minh Huy"]
[Result "0-1"]
[WhiteElo "1538"]
[BlackElo "2462"]
[PlyCount "72"]
[EventDate "2017.07.24"]
[EventType "team-swiss"]
[EventRounds "9"]
[EventCountry "VIE"]
[SourceTitle "EXT 2019"]
[Source "ChessBase"]
[SourceDate "2018.10.10"]
[SourceVersion "1"]
[SourceVersionDate "2018.10.10"]
[SourceQuality "1"]

1. d4 Nf6 2. Nf3 e6 3. c4 Bb4+ 4. Bd2 Be7 5. Nc3 d5 6. e3 b6 7. Bd3 Bb7 8. 0-0 Nbd7 9. Re1 dxc4 10. Bxc4 a6 11. a4 c5 12. Ne5 0-0 13. Nxd7 Nxd7 14. d5 Ne5 15. b3 exd5 16. Bf1 Qd7 17. Bc1 Rfd8 18. Bb2 Qf5 19. f4 Ng6 20. Bd3 Qd7 21. Qc2 Bf6 22. Rad1 Qc7 23. Nb1 Bxb2 24. Qxb2 Re8 25. Nc3 d4 26. exd4 Nxf4 27. Be4 cxd4 28. Bxb7 Rxe1+ 29. Rxe1 Qxb7 30. Qd2 Qxg2+ 31. Qxg2 Nxg2 32. Kxg2 dxc3 33. Rc1 Rc8 34. Rc2 f5 35. Kg3 g5 36. h3 h5 0-1

[Event "VIE-ch U09"]
[Site "Ho Chi Minh City"]
[Date "2014.07.18"]
[Round "9"]
[White "Bui, Duc Duy"]
[Black "Nguyen, Le Ngoc Quy"]
[Result "0-1"]
[WhiteElo "1517"]
[BlackElo "1463"]
[PlyCount "78"]
[EventDate "2014.07.13"]
[EventType "swiss"]
[EventRounds "9"]
[EventCountry "VIE"]
[SourceTitle "EXT 2016"]
[Source "ChessBase"]
[SourceDate "2015.10.08"]
[SourceVersion "1"]
[SourceVersionDate "2015.10.08"]
[SourceQuality "1"]

1. e4 e5 2. Nf3 Nf6 3. Nxe5 d6 4. Nf3 Nxe4 5. Bc4 Be7 6. 0-0 0-0 7. h3 Nc6 8. d3 Nf6 9. Be3 a6 10. Bb3 Be6 11. Nc3 d5 12. Ne2 a5 13. a3 b5 14. c3 b4 15. axb4 axb4 16. c4 Na5 17. Qc2 c5 18. cxd5 Nxd5 19. Bd2 Nxb3 20. Qxb3 Ne3 21. Qxe6 fxe6 22. Bxe3 Qxd3 23. Nf4 Qe4 24. Nd2 Qe5 25. Nc4 Qe4 26. Nd2 Qc6 27. Nf3 Rxa1 28. Rxa1 Ra8 29. Rc1 c4 30. Nd4 Qc8 31. Ndxe6 Bf6 32. Nc5 Bxb2 33. Rxc4 Bc3 34. Nd5 Be5 35. Nb6 Ra1+ 36. Bc1 Qc6 37. Nd3 Qxb6 38. Nxe5 Qe6 39. f4 b3 0-1

[Event "VIE-ch U09"]
[Site "Ho Chi Minh City"]
[Date "2014.07.14"]
[Round "3"]
[White "Nguyen, Le Ngoc Quy"]
[Black "Thanh, Huu Dat"]
[Result "1-0"]
[WhiteElo "1463"]
[BlackElo "1528"]
[PlyCount "61"]
[EventDate "2014.07.13"]
[EventType "swiss"]
[EventRounds "9"]
[EventCountry "VIE"]
[SourceTitle "EXT 2016"]
[Source "ChessBase"]
[SourceDate "2015.10.08"]
[SourceVersion "1"]
[SourceVersionDate "2015.10.08"]
[SourceQuality "1"]

1. e4 d5 2. exd5 Qxd5 3. Nc3 Qa5 4. d4 Nf6 5. Bd2 Qb6 6. Bc1 Nc6 7. d5 Ne5 8. h3 Bf5 9. Bb5+ Bd7 10. Bxd7+ Nexd7 11. Nf3 0-0-0 12. a4 Qa5 13. Ng5 Nxd5 14. Qxd5 Nc5 15. Qf3 Rd6 16. 0-0 Nd7 17. Bf4 Rf6 18. Nce4 Rg6 19. Rfb1 Qd5 20. Nd6+ Rxd6 21. Bxd6 Qxg5 22. Bf4 Qf5 23. c3 e6 24. a5 Bc5 25. a6 c6 26. b4 Bb6 27. b5 Nc5 28. axb7+ Nxb7 29. Qxc6+ Kd8 30. Rd1+ Ke7 31. Qxb7+ 1-0

[Event "VIE-ch U09"]
[Site "Ho Chi Minh City"]
[Date "2014.07.13"]
[Round "2"]
[White "Pham, Anh Dung"]
[Black "Nguyen, Le Ngoc Quy"]
[Result "0-1"]
[WhiteElo "1520"]
[BlackElo "1463"]
[PlyCount "106"]
[EventDate "2014.07.13"]
[EventType "swiss"]
[EventRounds "9"]
[EventCountry "VIE"]
[SourceTitle "EXT 2016"]
[Source "ChessBase"]
[SourceDate "2015.10.08"]
[SourceVersion "1"]
[SourceVersionDate "2015.10.08"]
[SourceQuality "1"]

1. d4 d5 2. c4 dxc4 3. e3 e6 4. Bxc4 Nf6 5. Nf3 Bb4+ 6. Bd2 Bxd2+ 7. Nbxd2 0-0 8. 0-0 Bd7 9. h3 Nc6 10. Rc1 Qe7 11. Bb5 a6 12. Bxc6 Bxc6 13. Ne5 Bd5 14. b3 a5 15. f3 b6 16. e4 Bb7 17. Nc6 Qd7 18. Ne5 Qxd4+ 19. Kh1 Qxe5 20. f4 Qd4 21. e5 Qd3 22. Nf3 Qxd1 23. Rcxd1 Ne4 24. Kh2 Nc3 25. Rd2 Bxf3 26. Rxf3 Nd5 27. g4 f6 28. exf6 Rxf6 29. f5 exf5 30. Rxd5 fxg4 31. Rxf6 gxf6 32. hxg4 Re8 33. Kg3 Re2 34. a3 Re3+ 35. Kf4 Rxb3 36. Kf5 Rxa3 37. Kxf6 Rf3+ 38. Ke7 Rf7+ 39. Ke6 Kg7 40. Rg5+ Kh6 41. Rg8 Rg7 42. Rf8 Rxg4 43. Rf7 Rg7 44. Rf1 Rg6+ 45. Kf7 Kg5 46. Rh1 Rh6 47. Rg1+ Kf4 48. Rf1+ Ke3 49. Re1+ Kd2 50. Re7 c6 51. Kg7 Rd6 52. Re5 a4 53. Kxh7 b5 0-1